• 首页
  • 本馆介绍
  • 公告通知
  • 最新文献
  • 馆藏检索
  • 电子资源
  • 读者导购
  • 参考咨询
  • 我的图书馆
  • 登录
  • 详细信息显示
  • 放入我的书架
  • 预约/预借图书
  • 作者相关作品
  • 分类相关作品
  • 丛书相关作品
  • 出版社相关作品

书目信息

  • 表格格式
  • 工作单格式
  • 卡片格式
题名:
现代生物学
    
 
作者: 董润安 编著
分册:  
出版信息: 北京   北京理工大学出版社  2016.07
页数: 413页
开本: 26cm
丛书名:
单 册:
中图分类: Q-43
科图分类:
主题词: 生物学--高等学校--教材
电子资源:
ISBN: 978-7-5682-2692-9
000 01131nam0 2200265 450
001 0120141312122
005 20170418150833.82
010    @a978-7-5682-2692-9@dCNY56.00
100    @a20161008d2016 em y0chiy50 ea
101 0  @achi
102    @aCN@b110000
105    @aak z 000yy
106    @ar
200 1  @a现代生物学@9xian dai sheng wu xue@dModern biology@f董润安编著@zeng
210    @a北京@c北京理工大学出版社@d2016.07
215    @a413页@c图@d26cm
300    @a工业和信息化部“十二五”规划教材
330    @a本书以现代生物学知识为重点,把繁杂的生命科学知识编排成六篇四十九章,包括生物的分子基础、生物的遗传、生物的发育、生物的神经活动、生态学等内容,较好地反映了生命科学知识的全貌,把现代生物学的核心内容——生物化学与分子生物学、细胞生物学与免疫学等,包括宏观生物学的生态学等关键知识全部囊括其中,经过科学的编排,避免了生物学教科书中常见的各学科知识之间的重复问题,使内容更趋紧凑精炼。
333    @a生物学研究者
510 1  @aModern biology@zeng
606 0  @a生物学@x高等学校@j教材
690    @aQ-43@v5
701  0 @a董润安@9dong run an@4编著
801  0 @aCN@b人天书店@c20161008
905    @b986163-66@dQ-43@e78@f4
    
    现代生物学=Modern biology/董润安编著.-北京:北京理工大学出版社,2016.07
    413页:图;26cm
    工业和信息化部“十二五”规划教材.-使用对象:生物学研究者
    
    ISBN 978-7-5682-2692-9:CNY56.00
    本书以现代生物学知识为重点,把繁杂的生命科学知识编排成六篇四十九章,包括生物的分子基础、生物的遗传、生物的发育、生物的神经活动、生态学等内容,较好地反映了生命科学知识的全貌,把现代生物学的核心内容——生物化学与分子生物学、细胞生物学与免疫学等,包括宏观生物学的生态学等关键知识全部囊括其中,经过科学的编排,避免了生物学教科书中常见的各学科知识之间的重复问题,使内容更趋紧凑精炼。
●
相关链接 在E读中查询图书 在五车中查询图书 在当当中查询图书 在豆瓣中查询图书


正题名:现代生物学     索取号:Q-43/78         预约/预借

序号 登录号 条形码 馆藏地/架位号 状态 备注
1 986163   209861639   第二样本阅览室/ [索取号:Q-43/78] 在馆    
2 986164   209861648   第三借阅区/ [索取号:Q-43/78] 在馆    
3 986165   209861657   第三借阅区/ [索取号:Q-43/78] 在馆    
4 986166   209861666   第三借阅区/ [索取号:Q-43/78] 在馆    
唐山师范学院图书馆 欢迎您!
大连网信软件有限公司© 版权所有